000
00270nam a22001217a 4500
008
181106b xxu||||| |||| 00| 0 eng d
041
_a
eng
080
_a
510
100
_a
36
101
_a
MAT
245
_a
Algebra For College Students
_c
Barker.A
942
_2
udc
_c
BK
999
_c
52019
_d
52019